书目信息 |
| 题名: |
上海交通大学首届教职工代表大会资料汇编
|
|
| 作者: | ;中国教育工会上海交通大学委员会办公室 编 | |
| 分册: | ||
| 出版信息: | 上海 不详 1984 |
|
| 页数: | 111页 | |
| 开本: | 20cm | |
| 丛书名: | ||
| 单 册: | ||
| 中图分类: | D412.6 | |
| 科图分类: | ||
| 主题词: | 工人运动 , 工人群众组织 | |
| 电子资源: | ||
| ISBN: | ||
| 000 | 00815nam0 2200205 450 | |
| 001 | 0752533664 | |
| 005 | 20070731155452.34 | |
| 010 | @dCNY0.45 | |
| 100 | @a20070731d1984 km y0chiy0120 ea | |
| 101 | 0 | @achi |
| 102 | @aCN@b310000 | |
| 200 | 1 | @a上海交通大学首届教职工代表大会资料汇编@Ashang hai jiao tong da xue shou jie jiao zhi gong dai biao da hui zi liao hui bian@f中国教育工会上海交通大学委员会办公室编@Fzhong guo jiao yu gong hui shang hai jiao tong da xue wei yuan hui ban gong shi bian |
| 210 | @a上海@c不详@d1984 | |
| 215 | @a111页@d20cm | |
| 606 | 0 | @a工人运动 |
| 606 | 0 | @a工人群众组织 |
| 690 | @aD412.6@v3 | |
| 711 | 02 | @a中国教育工会上海交通大学委员会办公室@Azhong guo jiao yu gong hui shang hai jiao tong da xue wei yuan hui ban gong shi@4编 |
| 801 | 0 | @aCN@bPFT@c20070731 |
| 905 | @a10447@dD412.6@e31 | |
| 上海交通大学首届教职工代表大会资料汇编/中国教育工会上海交通大学委员会办公室编.-上海:不详,1984 |
| 111页;20cm |
| ISBN :CNY0.45 |
| ● |
| 相关链接 |
|
|
|
|
正题名:上海交通大学首届教职工代表大会资料汇编
索取号:D412.6/31
 
预约/预借
| 序号 | 登录号 | 条形码 | 馆藏地/架位号 | 状态 | 备注 |
| 1 | 0790305 | 207903054 | 第一样本阅览室/ [索取号:D412.6/31] | 在馆 |